Statistics for In My Blood - Shawn Mendes (All Lyrics)

Click here to take the quiz!

General Stats

  • This quiz has been taken 802 times
  • The average score is 228 of 269

Answer Stats

In My Blood% Correct
I
100%
blood
99%
in
99%
It
99%
it
99%
my
99%
Is
98%
is
98%
me
97%
a
96%
the
96%
feel
95%
Intro | Pre-ChorusHelp
94%
help
94%
isn't
94%
like
94%
can't
93%
just
93%
Just
93%
it's
92%
But
91%
up
91%
are
90%
giving
90%
No
90%
Sometimes
90%
walls
88%
caving
86%
feeling
81%
I'm
81%
on
81%
and
80%
be
79%
to
77%
floor
76%
Someone
76%
enough
75%
bathroom
74%
strong
74%
Verse 1Laying
73%
medicine
72%
nothing
71%
better
69%
skin
68%
something
68%
give
67%
insecure
67%
crawling
66%
Does
66%
ever?
66%
take
66%
somebody
65%
need
64%
you'll
64%
drink
63%
mind
62%
that
62%
who
62%
have
61%
now
61%
this
61%
overwhelmed
60%
anxious
59%
her
59%
gets
58%
home
58%
could
57%
Keep
57%
telling
57%
again
56%
ease
56%
hate
56%
there
56%
alone
53%
slowly
52%
oh
51%
phone
50%
looking
48%
Afraid
47%
out
46%
through
46%
breathe
44%
trying
44%
way
42%
find
41%
chill
35%

Score Distribution

Percentile by Number Answered

Percent of People with Each Score

Your Score History

You have not taken this quiz